000 00656nam a2200181 4500
999 _c16283
_d16283
008 211105b ||||| |||| 00| 0 eng d
022 _a0732-8435
082 _aDPer 657.05 C33 Apr - Sept 2016, v86 n4-9
245 _aThe inclusion of sustainability in the accounting curriculum/
_cJeffrey Wong and three others.
260 _aNew York:
_bThe New York State Society of CPA,
_c©2016.
300 _av86 n6, pages 64-67:
_billustrations;
_c28 cm.
500 _aThe CPA Journal
650 _aAccounting.
_943627
700 _aPippin, S.
_eAuthor.
_943628
700 _aWeber, J.
_eAuthor.
_943629
700 _aBergner, J.
_eAuthor.
_943630
942 _2ddc
_cPER